Sports Quiz

Random Sports or Hockey Quiz

Stanley Cup Winning Team Captains Quiz Stats

Quiz Updated Jun 11, 2017

Also try: NHL Teams
Challenge
Share
Tweet
Embed
Score 0/90 Timer 10:00
0 Plays Today
Year/Team Captain % Correct
15-16 PenguinsSidney Crosby
96%
16-17 PenguinsSidney Crosby
95.5%
08-09 PenguinsSidney Crosby
93.6%
87-88 OilersWayne Gretzky
90.1%
86-87 OilersWayne Gretzky
90.1%
84-85 OilersWayne Gretzky
90.1%
83-84 OilersWayne Gretzky
90.1%
09-10 BlackhawksJonathan Toews
88.1%
12-13 BlackhawksJonathan Toews
87.6%
14-15 BlackhawksJonathan Toews
86.8%
93-94 RangersMark Messier
82.5%
89-90 OilersMark Messier
82.5%
01-02 Red WingsSteve Yzerman
80.1%
97-98 Red WingsSteve Yzerman
80.1%
96-97 Red WingsSteve Yzerman
80.1%
91-92 PenguinsMario Lemieux
80%
90-91 PenguinsMario Lemieux
80%
00-01 AvalancheJoe Sakic
76.7%
95-96 AvalancheJoe Sakic
76.7%
07-08 Red WingsNiklas Lidstrom
72%
11-12 KingsDustin Brown
69.3%
02-03 DevilsScott Stevens
67.5%
99-00 DevilsScott Stevens
67.4%
94-95 DevilsScott Stevens
67.4%
13-14 KingsDustin Brown
66.3%
10-11 BruinsZdeno Chara
65.1%
59-60 CanadiensMaurice Richard
65%
58-59 Canadiens Maurice Richard
65%
57-58 CanadiensMaurice Richard
65%
56-57 CanadiensMaurice Richard
65%
Year/Team Captain % Correct
72-73 CanadiensHenri Richard
64.9%
06-07 DucksScott Niedermayer
53.8%
74-75 FlyersBobby Clarke
52.3%
73-74 FlyersBobby Clarke
52.3%
05-06 HurricanesRod Brind'Amour
52%
82-83 IslandersDenis Potvin
45.9%
81-82 IslandersDenis Potvin
45.9%
80-81 IslandersDenis Potvin
45.9%
79-80 IslandersDenis Potvin
45.9%
03-04 LightningDave Andreychuk
39%
88-89 FlamesLanny McDonald & Jim Peplinski
38.9%
70-71 CanadiensJean Beliveau
37.9%
68-69 CanadiensJean Beliveau
37.9%
67-68 CanadiensJean Beliveau
37.9%
65-66 CanadiensJean Beliveau
37.9%
64-65 CanadiensJean Beliveau
37.9%
98-99 StarsDerian Hatcher
32.7%
78-79 CanadiensYvan Cournoyer; Serge Savard
30.6%
71-72 BruinsNo Captain; Senior Alternate John Bucyk
27%
54-55 Red WingsTed Lindsay
26.2%
53-54 Red WingsTed Lindsay
26.2%
77-78 CanadiensYvan Cournoyer
25.4%
75-76 CanadiensYvan Cournoyer
25.4%
76-77 CanadiensYvan Cournoyer
25.4%
85-86 CanadiensBob Gainey
23.1%
34-35 MaroonsHooley Smith
23%
92-93 CanadiensGuy Carbonneau
21.6%
45-46 CanadiensToe Blake
19.6%
43-44 CanadiensToe Blake
19.6%
66-67 Maple LeafsGeorge Armstrong
16.2%
Year/Team Captain % Correct
63-64 Maple LeafsGeorge Armstrong
16.2%
62-63 Maple LeafsGeorge Armstrong
16.2%
61-62 Maple LeafsGeorge Armstrong
16.2%
51-52 Red WingsSid Abel
15%
49-50 Red WingsSid Abel
15%
42-43 Red WingsSid Abel
15%
47-48 Maple LeafsSyl Apps
14.6%
46-47 Maple LeafsSyl Apps
14.6%
41-42 Maple LeafsSyl Apps
14.6%
50-51 Maple LeafsTed Kennedy
11.3%
48-49 Maple LeafsTed Kennedy
11.3%
69-70 BruinsNo Captain
10%
55-56 CanadiensEmile Bouchard
7%
52-53 CanadiensEmile Bouchard
7%
40-41 BruinsDit Clapper
6.3%
32-33 RangersBill Cook
5.6%
27-28 RangersBill Cook
5.6%
31-32 Maple LeafsHap Day
5.2%
26-27 SenatorsGeorge Boucher
4.5%
60-61 BlackhawksEd Litzenberger
3.5%
35-36 Red WingsDoug Young
3.5%
36-37 Red WingsDoug Young
3.5%
30-31 CanadiensSylvio Mantha
3.2%
29-30 CanadiensSylvio Mantha
3.2%
38-39 BruinsCooney Weiland
2.9%
44-45 Maple LeafsBob Davidson
2.6%
28-29 BruinsLionel Hitchman
2.5%
33-34 BlackhawksChuck Gardiner
2.5%
39-40 RangersArt Coulter
2.1%
37-38 BlackhawksJohnny Gottselig
1.8%

You're not logged in!

Compare scores with friends on all Sporcle quizzes.
Sign Up with Email
OR
Log In

You Might Also Like...

Show Comments

Extras

Top Quizzes Today


Score Distribution

Your Account Isn't Verified!

In order to create a playlist on Sporcle, you need to verify the email address you used during registration. Go to your Sporcle Settings to finish the process.